<?xml version="1.0" encoding="UTF-8"?>
<collection xmlns="http://www.loc.gov/MARC21/slim">
 <record>
  <leader>00587pamaa2200169   4500</leader>
  <controlfield tag="001">0000012476</controlfield>
  <controlfield tag="005">20060526090000.0</controlfield>
  <datafield tag="020" ind1="0" ind2="0">
   <subfield code="a">0868619043 </subfield>
  </datafield>
  <datafield tag="082" ind1=" " ind2=" ">
   <subfield code="a">332.042099 PAC 1986</subfield>
  </datafield>
  <datafield tag="090" ind1="0" ind2="0">
   <subfield code="a">HF1703 </subfield>
   <subfield code="b">PAC 1986</subfield>
  </datafield>
  <datafield tag="245" ind1="0" ind2="0">
   <subfield code="a">PACIFIC growth and financial interdependence  </subfield>
   <subfield code="c">[edited by] Augustine H.H. Tan and Basant Kapur.</subfield>
  </datafield>
  <datafield tag="260" ind1="0" ind2="0">
   <subfield code="a">Sydney: </subfield>
   <subfield code="b">Allen and Unwin, </subfield>
   <subfield code="c">1986.</subfield>
  </datafield>
  <datafield tag="300" ind1=" " ind2=" ">
   <subfield code="a">405p.: </subfield>
   <subfield code="b">23cm.</subfield>
  </datafield>
  <datafield tag="650" ind1="0" ind2="0">
   <subfield code="a">Intergovernmental fiscal relations -- </subfield>
   <subfield code="x">Pacific Area -- </subfield>
   <subfield code="x">Congresses </subfield>
  </datafield>
  <datafield tag="700" ind1="1" ind2="1">
   <subfield code="a">Tan, </subfield>
   <subfield code="h">Augustine H.H. </subfield>
  </datafield>
  <datafield tag="700" ind1="1" ind2="1">
   <subfield code="a">Kapur, </subfield>
   <subfield code="h">Basant </subfield>
  </datafield>
  <datafield tag="710" ind1="1" ind2="1">
   <subfield code="a">Pacific Trade and Development Conference </subfield>
  </datafield>
 </record>
</collection>
